00471nam a2200181 a 4500001001300000003000900013005001700022008004100039020002300080082001400103100001600117245005000133260003200183300001000215500003500225650001300260700001600273nice12345678IN_TiNIC20260116014729.0140814s2004 newa grp 000 0 eng  a9780826477927c17500a230bBAR3 aBarth, Karl aDoctrine of Reconciliationb Chruch Dogmatics aNew York bContinuum c2004 a182p  aincludes index and biblioraphy aTheology1 aBarth, Karl